Greek God - Plant - Pokémon - Statistics

General Stats
  • This quiz has been taken 52 times
  • The average score is 20 of 24
Answer Stats
Hint Answer % Correct
Hermes Greek God
98%
Artemis Greek God
95%
Aphrodite Greek God
93%
Ares Greek God
93%
Hephaestus Greek God
91%
Poseidon Greek God
91%
Spathiphyllum Plant
91%
Poliwag Pokémon
91%
Dionysus Greek God
88%
Yucca Plant
88%
Meowth Pokémon
88%
Nidorina Pokémon
88%
Ponyta Pokémon
86%
Sansevieria Plant
84%
Onix Pokémon
84%
Venomoth Pokémon
84%
Philodendron Plant
81%
Aglaonema Plant
81%
Strelitzia Plant
79%
Machoke Pokémon
79%
Hestia Greek God
77%
Vileplume Pokémon
77%
Aralia Plant
72%
Croton Plant
49%
No matching quizzes found
Score Distribution
Percent of People with Each Score
Percentile by Number Answered
Your Score History
You have not taken this quiz